000 00287nam a2200109Ia 4500
008 191201s2019 xx 000 0 und d
100 _aARORA, DR
245 0 _aBasics of Electrical and Electronics Engineering
260 _bIshan Publications
_aNew Delhi
300 _a232
942 _2ddc
_cBK
999 _c8097
_d8097